| 000 | 00463nam a2200157 a 4500 | ||
|---|---|---|---|
| 001 | 000047699 | ||
| 005 | 20240412074010.0 | ||
| 008 | 180509s2002 dr 000 p spa d | ||
| 040 |
_aDO-SdBNP _bspa _cBNPHU |
||
| 082 |
_axxx _bxxx |
||
| 100 | 1 |
_aMir, Pedro, _d1913-2000 _97245 |
|
| 245 | 1 | 0 |
_aHay un país en el mundo. / _cPedro Mir. |
| 260 |
_aSanto Domingo, : _bFundación Pedro Mir, _c2002. |
||
| 300 |
_a16 p. : _bil. ; _c23 cm. |
||
| 590 | _aInventariado, 2018/ YL | ||
| 999 |
_c47187 _d47187 |
||